00548nam a2200193Ia 450000500170000000800410001702000150005808200130007310000220008624500460010826000420015430000130019650000060020965000130021565000110022894200060023995200940024599900150033920240527040500.0240331s9999 xx 000 0 und d a0198760612 bWILa335 aWilliams, Raymond 0aMarxism and literaturecRaymond, Williams aOxfordbOxford university pressc1977 a217 p ., a  aCultural aSocial cL 001040708LaWERCLbWERCLcSSCd2024-03-31l0o 335 WILp546r2024-03-31w2024-03-31yL c2773d2773